00239nam a2200097Ia 4500008004100000100000900041245003900050260002800089942000700117999001700124190216s9999||||xx |||||||||||||| ||und|| aNull 0aHindi-Nirala Sahithya Ek Neya Ayam bHimachal Pusthak Bander cBK c18031d18031